000 00817nam a22001815i 4500
001 156181
003 ES-MaACL
005 20230906210335.0
008 020221s1875 sp |||| | spa d
040 _aCAM
_bspa
_cCAM
100 1 _aJackson Veyán, José.
_965824
245 1 0 _aNobleza de amor
_b: drama en un acto y en verso /
_coriginal de José Jackson Veyan.
260 _aMadrid :
_b[s.n.],
_c1875 (
_fimprenta de José Rodriguez)
300 _a32 p. ;
_c20 cm.
500 1 _aRepresentado por primera vez en el Teatro de Eslava el 14 de mayo de 1875.
596 1 _aEn verso de port. consta: Esta obra es propiedad de Alonso Gullon ...; ... de la Galería Lírico-Dramática, titulada El Teatro ...
852 _aES-MaACL
_jF-4091(8)
_z-- Enc. hol.
_q-- Falto de la cub. original
_z-- Enc. en un vol. facticio
999 _c156181
_d156181